La movilidad del saber científico en América Latina: objetos, prácticas e instituciones. Siglos XVIII al XX

Guardat en:
Dades bibliogràfiques
Autor principal: Sanhueza Cerda, Carlos (autor)
Format: Llibre
Idioma:espanyol
Publicat: Santiago, Chile: Universitaria, 2018.
Edició:1a. ed.
Col·lecció:El Saber y la Cultura.
Matèries:
Accés en línia:Disponible Online - pp.19-54-pp.99-126
Etiquetes: Afegir etiqueta
Sense etiquetes, Sigues el primer a etiquetar aquest registre!

MARC

LEADER 00000cam a2200000 a 4500
001 UCC4218
003 CL-VaPUC
005 20240513143035.0
008 180720e20180000cl |||||||||||||||||spa|d
999 |c 371771  |d 371769 
020 |a 9789561125766 
040 |c Pontificia Universidad Católica de Valparaíso 
082 0 4 |a 509.8 SAN 2018  |2 21 
100 0 |a Sanhueza Cerda, Carlos  |e autor  |9 598367 
245 1 3 |a La movilidad del saber científico en América Latina: objetos, prácticas e instituciones. Siglos XVIII al XX 
250 |a 1a. ed. 
260 |a Santiago, Chile:  |b Universitaria,  |c 2018. 
300 |a 200 páginas. 
490 0 |a El Saber y la Cultura. 
583 |a last modification  |c 20180720 14:27:00  |k Rodrigo Vera 
650 0 |a Ciencia  |9 255691 
650 0 |a Historia de las ciencias   |9 264975 
650 7 |a Científicos chilenos   |2 CL-VaPUC  |9 598368 
856 |u https://bibliografiadigital.pucv.cl/index.php/bibliotecapucv/catalog/book/961  |y Disponible Online - pp.19-54-pp.99-126 
942 |c BK  |2 ddc 
945 |d 20180720 14:27:00  |a dcastane 
952 |0 0  |1 0  |3 erb  |4 0  |6 509_800000000000000_SAN_2018  |7 0  |8 A  |9 488959  |a BIBHIS  |b BIBHIS  |i 5482534  |l 2  |m 1  |o 509.8 SAN 2018  |p 5482534  |r 2025-01-20  |s 2024-05-17  |w 2019-11-24  |y BK  |z Catalogado en:20180720  |k HIS